Ausfahrten der BAB 2 - Statistiken

Allgemein
  • Dieses Quiz wurde 5 mal gespielt
  • Das Durchschnittsergebnis liegt bei 31 aus 85
Antwortstatistiken
Ausfahrt % Korrekt
Garbsen
100%
Kamen/Bergkamen
100%
Kamener Kreuz
100%
Marienborn/Helmstedt
100%
Porta Westfalica
100%
Bad Eilsen
75%
Bielefeld-Ost
75%
Bielefeld-Süd
75%
Dreieck Werder
75%
Gütersloh
75%
Hamm
75%
Hannover/Langenhagen
75%
Herford/Bad Salzuflen
75%
Kreuz Bad Oeynhausen
75%
Kreuz Bielefeld
75%
Kreuz Magdeburg
75%
Kreuz Oberhausen
75%
Kreuz Recklinghausen
75%
Lauenau
75%
Lehrte
75%
Oelde
75%
Rehren
75%
Wunstorf-Kolenfeld
75%
Bad Nenndorf
50%
Beckum
50%
Bönen
50%
Bottrop
50%
Brandenburg
50%
Dreieck Bottrop
50%
Dreieck Hannover-West
50%
Eilsleben
50%
Hannover-Bothfeld
50%
Hannover-Lahe
50%
Kreuz Dortmund-Nordwest
50%
Kreuz Hannover-Ost
50%
Kreuz Wolfsburg/Königslutter
50%
Rheda-Wiedenbrück
50%
Wunstorf-Luthe
50%
Braunschweig-Hafen
25%
Braunschweig-Ost
25%
Braunschweig-Watenbüttel
25%
Essen/Gladbeck
25%
Gelsenkirchen-Buer
25%
Hämelerwald
25%
Hannover-Herrenhausen
25%
Henrichenburg
25%
Herzebrock-Clarholz
25%
Königslutter
25%
Kreuz Braunschweig-Nord
25%
Kreuz Hannover-Buchholz
25%
Lünen-Süd
25%
Ostwestfalen/Lippe
25%
Peine-Ost
25%
Peine-West
25%
Recklinghausen-Ost
25%
Recklinghausen-Süd
25%
Rennau
25%
Veltheim
25%
Vlotho-West
25%
Alleringersleben
0%
Bornstedt
0%
Braunschweig-Flughafen
0%
Burg-Ost
0%
Burg-Zentrum
0%
Dortmund-Mengede
0%
Dortmund-Nordost
0%
Gladbeck-Ellinghorst
0%
Hamm-Uentrop
0%
Helmstedt-Ost
0%
Helmstedt-West
0%
Helmstedt-Zentrum
0%
Herford-Ost
0%
Herten
0%
Irxleben
0%
Lehnin
0%
Lehrte-Ost
0%
Lostau
0%
Magdeburg-Kannenstieg
0%
Magdeburg-Rothensee
0%
Magdeburg-Zentrum
0%
Netzen
0%
Oberhausen-Königshardt
0%
Theeßen
0%
Wollin
0%
Ziesar
0%
Keine übereinstimmenden Quizze gefunden
Verteilung der Resultate
Anzahl Personen mit jedem Resultat
Perzentil nach korrekt beantworteten Fragen
Ihre Resultats-Entwicklung
Sie haben dieses Quiz noch nicht gespielt